- Estilos cognitivos
Entry Materia
001 - NÚMERO DE CONTROL DEL REGISTRO
- campo de control: 17943
003 - IDENTIFICADOR DE NUMERO DE CONTROL
- campo de control: UPN
005 - FECHA Y HORA DE LA ÚLTIMA TRANSACCIÓN
- campo de control: 20210219193902.0
008 - DATOS DE LONGITUD FIJA
- campo de control de longitud fija: nabaccnnaabn|||||||||| b |nc|||||d
010 ## - NÚMERO DE CONTROL DE LA BIBLIOTECA DEL CONGRESO (LC)
- LC control number: sh 85027755
035 ## - NÚMERO DE CONTROL DEL SISTEMA
- Número de control del sistema: UPN10000017951
040 ## - FUENTE DE LA CATALOGACIÓN
- Centro catalogador de origen: DLC
- Lengua de catalogación: spa
- Agencia de transcripción: UPN
053 ## - NÚMERO CLASIFICADOR - BIBLIOTECA DEL CONGRESO (LC)
- Elemento numérico de la clasificación - Número único o no. inicial del rango: BF311
150 ## - ENCABEZAMIENTO - TEMÁTICO
- Término de materia o nombre geográfico como elemento inicial: Estilos cognitivos
450 #0 - VÉASE - MATERIA
- Encabezamiento temático: Cognitive styles
550 ## - VÉASE ADEMÁS - MATERIA
- Subcampo de control: g
- Encabezamiento temático o nombre geográfico como elemento de entrada: Cognición
550 ## - VÉASE ADEMÁS - MATERIA
- Subcampo de control: g
- Encabezamiento temático o nombre geográfico como elemento de entrada: Inteligencia
550 ## - VÉASE ADEMÁS - MATERIA
- Subcampo de control: g
- Encabezamiento temático o nombre geográfico como elemento de entrada: Personalidad y cognición
670 ## - FUENTE EN LA QUE SE LOCALIZARON DATOS
- Cita de la fuente: Salas Campos. Una propuesta didáctica para la programación en micromundos, 2007 :
- Información localizada: p. 39
670 ## - FUENTE EN LA QUE SE LOCALIZARON DATOS
- Cita de la fuente: Biblioteca del Congreso (Estados Unidos), 19 noviembre 2010 :
- Información localizada: Catálogo electrónico (Cognitive styles)
750 #0 - ASIENTO LIGADO AL ENCABEZAMIENTO - TÉRMINO TEMÁTICO
- Encabezamiento temático: Cognitive styles
- Número de control del registro: sh 85027755
902 ## - CATALOGADOR
- Catalogador: BDV/BDV/OGM
903 ## -
- : Nivel 3
